| 000 | 00000nam##2200000za#4500 |
| 001 | 9.613937 |
| 003 | CaOODSP |
| 005 | 20241203113634 |
| 007 | ta |
| 008 | 150406|1997||||xxc||||| f|0| 0 eng|d |
| 020 | |a0-662-25921-1 |
| 040 | |aCaOODSP|beng |
| 043 | |an-cn--- |
| 086 | 1 |aEn56-119/1-1997E |
| 110 | 1 |aCanada. |bEnvironment Canada. |
| 245 | 10|aResponding to global climate change in the Prairies|cEdited by Ross Herrington, Brian Johnson and Fraser Hunter. |
| 260 | |aOttawa - Ontario : |bEnvironment Canada |c1997. |
| 300 | |axxvi, 44p. : |breferences, tables ; |c28 cm. |
| 490 | 1 |aCanada country study|vVolume III |
| 500 | |aContents: Preface.--Regional context.--The climates of the prairie provinces.--Regional climate sensitivities.--Impacts of climate change.--Adaptation to climate.--Opportunities for further research. |
| 504 | |aBibliography. |
| 546 | |aRésumés en français |
| 563 | |aSoftcover |
| 590 | |a98-01|b1998-01-02 |
| 690 | 07|aClimate|2gcpds |
| 720 | 1 |aHerrington, Ross |
| 720 | 1 |aJohnson, Brian |
| 720 | 1 |aHunter, Fraser |
| 776 | 0#|tResponding to global climate change in the Prairies|w(CaOODSP)9.574589 |
| 830 | #0|aCanada country study ;|vVolume III|w(CaOODSP)9.514592 |